000 00565nam a22002177a 4500
003 UA-OsUOA
001 59328
007 ta
008 20090319b un ||||| |||| 00| 0 ukr d
100 _aШиян Д.
090 _a330(477)
_bШ-78
942 _cSA
040 _aUA-OsUOA
_bukr
_cUA-OsUOA
_dUA-OsUOA
245 _aБанківське кридитування та економічна динаміка
300 _aС.27-39
955 _a0
041 _aukr
080 _a330(477)
773 0 _w59325
650 7 _a330 Економіка взагалі
_2UDC
999 _c345415
_d345415